Proposed amendments to The Building (Scotland) Regulations 2004 (Record no. 109792)

MARC details
000 -LEADER
fixed length control field 01488cad a22002535a 4500
001 - CONTROL NUMBER
control field E147925
008 - FIXED-LENGTH DATA ELEMENTS--GENERAL INFORMATION
fixed length control field 090701s2009 xxk f 000 0 eng d
035 ## - SYSTEM CONTROL NUMBER
System control number (Sirsi) u147925
041 0# - LANGUAGE CODE
Language code of text/sound track or separate title eng
050 04 - LIBRARY OF CONGRESS CALL NUMBER
Classification number 692.2 $2 18
110 2# - MAIN ENTRY--CORPORATE NAME
Corporate name or jurisdiction name as entry element Scottish Building Standards Agency
9 (RLIN) 4655
245 00 - TITLE STATEMENT
Title Proposed amendments to The Building (Scotland) Regulations 2004
Remainder of title a review of guidance in the technical handbooks on section 1, structure
Medium [electronic resource]
260 ## - PUBLICATION, DISTRIBUTION, ETC.
Place of publication, distribution, etc. London
Name of publisher, distributor, etc. SBS
Date of publication, distribution, etc. 2009
505 2# - FORMATTED CONTENTS NOTE
Formatted contents note Covering letter -- Respondee information form -- consultee list -- Annex A, summary of proposed changes -- Annex B, domestic -- Annex C, non-domestic -- Annex D, list of national standards and equivalent Eurocode standard -- Annex E, questionnaire -- Annex F, partial regulatory impact assessment
520 ## - SUMMARY, ETC.
Summary, etc. Seeks views on proposed changes to section 1 (structure) of the Scottish Building Standards' Technical Handbooks, which are being introduced to reference structural Eurocodes to comply with European Directives; to maintain structural safety of buildings; and contribute to sustainable development.
520 ## - SUMMARY, ETC.
Summary, etc. Deadline for comments is 2 October 2009.
521 ## - TARGET AUDIENCE NOTE
Target audience note Advanced
590 ## - LOCAL NOTE (RLIN)
Local note KA
650 24 - SUBJECT ADDED ENTRY--TOPICAL TERM
Topical term or geographic name entry element BUILDING (SCOTLAND) REGULATIONS 2004
651 #4 - SUBJECT ADDED ENTRY--GEOGRAPHIC NAME
Geographic name Scotland
Chronological subdivision 1999-
690 ## - LOCAL SUBJECT ADDED ENTRY--TOPICAL TERM (OCLC, RLIN)
Topical term or geographic name as entry element Building regulations
9 (RLIN) 6224
856 40 - ELECTRONIC LOCATION AND ACCESS
Uniform Resource Identifier <a href="https://www.sbsa.gov.uk/latestupdates/consul_structure09.htm">https://www.sbsa.gov.uk/latestupdates/consul_structure09.htm</a>
Public note View the consultation free of charge at www.sbsa.gov.uk...
942 ## - ADDED ENTRY ELEMENTS (KOHA)
Suppress in OPAC 0
Holdings
Withdrawn status Lost status Source of classification or shelving scheme Damaged status Not for loan Home library Current library Shelving location Date acquired Total Checkouts Full call number Barcode Date last seen Copy number Price effective from Koha item type
    Dewey Decimal Classification     Virtual Virtual Online 01/07/2009   ONLINE PUBLICATION 147925-2001 06/08/2019 1 06/08/2019 Book